|
|
|
|
| LEADER |
01003nam a22002297a 4500 |
| 001 |
39431 |
| 003 |
BD-DhAAL |
| 008 |
220824t1990 bg af b 1 eng d |
| 999 |
|
|
|c 44678
|d 44678
|
| 040 |
|
|
|a BD-DhAAL
|c BD-DhAAL
|
| 082 |
|
|
|a 726.14095492
|2 23
|
| 100 |
|
|
|a Ahmed, Nazimuddin
|9 51038
|
| 245 |
|
|
|a Epic stories in terracotta:
|b depicted on Kantanagar temple, Bangladesh /
|c Nazimuddin Ahmed.
|
| 260 |
|
|
|a Dhaka, Bangladesh :
|b University Press Limited,
|c c1990.
|
| 300 |
|
|
|a xv, 136 pages :
|b color illustrations ;
|c 22 cm.
|
| 504 |
|
|
|a Includes bibliographical references (pages [130]-131) and index.
|
| 526 |
|
|
|a GenEd
|
| 541 |
|
|
|a Book Finder International
|e 39431
|
| 650 |
|
|
|a Buddhist temples
|z Bangladesh
|z Kantanagar.
|9 51039
|
| 852 |
|
|
|a Savar Campus Library
|c General Stacks
|
| 942 |
|
|
|2 ddc
|c BK
|
| 952 |
|
|
|0 0
|1 0
|2 ddc
|4 0
|6 726_140954920000000_AHM
|7 0
|9 71480
|a SCL
|b SCL
|c GEN
|d 2022-08-03
|e Book Finder International
|g 398.20
|l 2
|m 4
|o 726.14095492 AHM
|p 3020039431
|r 2024-09-24
|s 2024-05-29
|t 1
|v 0.00
|w 2022-08-03
|y BK
|